| 000 | 00731nam a2200241 i 4500 | ||
|---|---|---|---|
| 001 | bg | ||
| 245 | 0 | 0 |
_aMetody numeryczne w elektrotechnice / _cTeresa Guziak [et al.] ; Politechnika Lubelska. |
| 260 |
_aLublin : _bWydaw. PL, _c2002. |
||
| 300 |
_a343 s. : _bil. ; _c24 cm. |
||
| 500 | _aNa okł. nazwa przedmiotu: Elektryka. | ||
| 504 | _aBibliogr. - Indeks. | ||
| 650 | 9 |
_aAnaliza numeryczna _xstosowanie _xelektrotechnika |
|
| 655 | _aPodręczniki akademickie | ||
| 700 | 1 | _aGUZIAK, Teresa | |
| 710 | 0 | _aPolitechnika Lubelska | |
| 020 | _a8389246554 | ||
| 040 | _cBPK | ||
| 041 | 0 | _apol | |
| 080 | _a621.3:519.61/.65](075.8) | ||
| 920 | _a83-89246-55-4 | ||
| 942 | _cKS | ||
| 008 | s pl f |000 0 pol | ||
| 999 |
_c43728 _d43728 |
||
| 856 |
_uhttp://koha.tu.koszalin.pl/cgi-bin/koha/opac-detail.pl?biblionumber=43728 _yKatalog online BPK |
||